[Event "Lesa op"]
[Site "Lesa"]
[Date "2024.05.04"]
[Round "3"]
[White "Lezzerini, Marco"]
[Black "Bussa, Paolo"]
[Result "1-0"]
[WhiteElo "2087"]
[BlackElo "1791"]
[PlyCount "71"]
[EventDate "2024.05.03"]
[EventType "swiss"]
[EventRounds "5"]
[EventCountry "SUI"]
[SourceTitle "CB20_2024"]
[SourceDate "2024.05.16"]
[SourceVersion "1"]
[SourceVersionDate "2024.05.16"]
[SourceQuality "1"]

1. d4 d5 2. c4 c6 3. Nf3 Nf6 4. e3 e6 5. b3 Nbd7 6. Bb2 Ne4 7. a3 b6 8. Bd3 Ndf6 9. 0-0 Be7 10. Ne5 Bb7 11. f3 Nd6 12. Nd2 Rc8 13. Qe2 0-0 14. Rad1 c5 15. Qf2 dxc4 16. bxc4 Nd7 17. Qg3 cxd4 18. exd4 Nxe5 19. dxe5 Ne8 20. Nb3 Qc7 21. Kh1 g6 22. f4 Ng7 23. Nd4 Bc5 24. Nb5 Qe7 25. Nd6 Bxd6 26. exd6 Qd7 27. Qh4 f5 28. Be5 Ne8 29. Rfe1 Nxd6 30. Bf1 Qd8 31. Qh6 Rf7 32. Rxd6 Qe8 33. Red1 Ba6 34. R6d4 Qf8 35. Qh4 Qe7 36. Rd8+ 1-0

[Event "Lugano Paradiso op 8th"]
[Site "Lugano"]
[Date "2015.01.24"]
[Round "3"]
[White "Bussa, Paolo"]
[Black "Bentzen, Eric"]
[Result "1-0"]
[WhiteElo "1801"]
[BlackElo "1350"]
[PlyCount "51"]
[EventDate "2015.01.23"]
[EventType "swiss"]
[EventRounds "5"]
[EventCountry "SUI"]
[SourceTitle "CBM 164 Extra"]
[Source "ChessBase"]
[SourceDate "2015.03.02"]
[SourceVersion "1"]
[SourceVersionDate "2015.03.02"]
[SourceQuality "1"]

1. d4 d5 2. Nf3 e6 3. c3 f5 4. g3 Be7 5. Bg2 c5 6. 0-0 c4 7. Nbd2 Nf6 8. Ne5 b5 9. f3 0-0 10. e4 Bd6 11. exf5 exf5 12. Re1 Nh5 13. f4 Be7 14. Qxh5 Be6 15. Qe2 a5 16. Nc6 Nxc6 17. Qxe6+ Rf7 18. Bxd5 Qf8 19. Qxc6 Rb8 20. Nf3 b4 21. Ne5 Rc8 22. Qe6 Kh8 23. Nxf7+ Kg8 24. Qxe7 Re8 25. Qxe8 Qxe8 26. Rxe8# 1-0

[Event "Vercelli op"]
[Site "Vercelli"]
[Date "2014.06.14"]
[Round "3"]
[White "Sbarra, Marco"]
[Black "Bussa, Paolo"]
[Result "1-0"]
[WhiteElo "2241"]
[BlackElo "1830"]
[PlyCount "63"]
[EventDate "2014.06.13"]
[EventType "swiss"]
[EventRounds "5"]
[EventCountry "ITA"]
[SourceTitle "EXT 2024"]
[Source "ChessBase"]
[SourceDate "2023.10.10"]
[SourceVersion "1"]
[SourceVersionDate "2023.10.10"]
[SourceQuality "1"]

1. d4 Nf6 2. c4 e6 3. Nc3 Bb4 4. Qc2 0-0 5. a3 Bxc3+ 6. Qxc3 d5 7. Bg5 Nbd7 8. e3 h6 9. Bh4 c6 10. Nf3 Re8 11. Be2 b6 12. cxd5 cxd5 13. Qc6 Rb8 14. Qa4 Ra8 15. Bb5 g5 16. Bc6 a5 17. Bxa8 gxh4 18. Bc6 Re7 19. 0-0 Nb8 20. Ne5 Rc7 21. Bb5 Ne4 22. Rfc1 h3 23. Rxc7 Qxc7 24. Qd1 hxg2 25. Rc1 Qd8 26. Qg4+ Kh7 27. Bd3 Nd7 28. Nxf7 Qf6 29. Bxe4+ dxe4 30. Qxe4+ Kg7 31. Qxg2+ Kxf7 32. Rxc8 1-0

[Event "Lugano op 15th"]
[Site "Lugano"]
[Date "2012.11.03"]
[Round "4"]
[White "Bussa, Paolo"]
[Black "Bevilacqua, Maurizio"]
[Result "0-1"]
[WhiteElo "1876"]
[BlackElo "2135"]
[PlyCount "74"]
[EventDate "2012.11.01"]
[EventType "swiss"]
[EventRounds "7"]
[EventCountry "SUI"]
[SourceTitle "EXT 2013"]
[Source "ChessBase"]
[SourceDate "2012.11.22"]
[SourceVersion "1"]
[SourceVersionDate "2012.11.22"]
[SourceQuality "1"]

1. Nf3 Nf6 2. c4 c5 3. Nc3 e6 4. e3 d5 5. cxd5 exd5 6. d4 Be7 7. Bb5+ Bd7 8. Bxd7+ Nbxd7 9. dxc5 Nxc5 10. 0-0 0-0 11. b3 Ne6 12. Bb2 Qa5 13. Ne2 Rac8 14. Nfd4 Ba3 15. Bxa3 Qxa3 16. Nf5 g6 17. Nfd4 a6 18. Nxe6 fxe6 19. Nf4 Qd6 20. Rc1 Rcd8 21. Qc2 e5 22. Ne2 Qe6 23. Rfd1 Rd7 24. h3 Ne4 25. f3 Nd6 26. a4 Nf5 27. Kf2 Qb6 28. Qc3 d4 29. exd4 exd4 30. Qc4+ Rff7 31. Rd3 Ne3 32. Qc5 Qf6 33. Rxd4 Rde7 34. Rf4 Qb2 35. Qc8+ Kg7 36. Rxf7+ Kxf7 37. Qc3 Nd1+ 0-1

[Event "Torino Sada op"]
[Site "Torino"]
[Date "2012.10.01"]
[Round "3"]
[White "Bussa, Paolo"]
[Black "Giacometto, Mario"]
[Result "1/2-1/2"]
[WhiteElo "1876"]
[BlackElo "1985"]
[PlyCount "97"]
[EventDate "2012.09.17"]
[EventType "swiss"]
[EventRounds "7"]
[EventCountry "ITA"]
[SourceTitle "EXT 2018"]
[Source "ChessBase"]
[SourceDate "2017.10.13"]
[SourceVersion "1"]
[SourceVersionDate "2017.10.13"]
[SourceQuality "1"]

1. c4 g6 2. g3 Bg7 3. Bg2 d6 4. Nc3 c6 5. d4 f5 6. Nf3 Nf6 7. 0-0 0-0 8. Bd2 Na6 9. a3 Qe8 10. Rb1 e5 11. b4 e4 12. Ne1 Qf7 13. b5 Nc7 14. bxc6 bxc6 15. Qc1 Ba6 16. f3 Qxc4 17. fxe4 fxe4 18. Nxe4 Nxe4 19. Qxc4+ Bxc4 20. Rxf8+ Rxf8 21. Bxe4 Bxe2 22. Bxc6 Bxd4+ 23. Kg2 Rf2+ 24. Kh1 Bb6 25. Bb4 d5 26. Bd6 d4 27. Rc1 d3 28. Bxc7 Bxc7 29. Nxd3 Rf1+ 30. Rxf1 Bxf1 31. Nf4 Bc4 32. Kg2 Kf7 33. Kf3 Bd6 34. a4 g5 35. Bd5+ Bxd5+ 36. Nxd5 Ke6 37. Ke4 h5 38. h4 Bxg3 39. hxg5 h4 40. Nf4+ Kf7 41. Ne2 Be1 42. Ng1 Bf2 43. Nh3 Be1 44. Kf5 Kg7 45. Nf4 Kg8 46. Kg4 Bd2 47. Ng2 Bxg5 48. Nxh4 Bxh4 49. Kxh4 1/2-1/2

[Event "Lugano New op 3rd"]
[Site "Lugano"]
[Date "2009.05.02"]
[Round "5"]
[White "Astengo, Marcello"]
[Black "Bussa, Paolo"]
[Result "1-0"]
[WhiteElo "2114"]
[BlackElo "1919"]
[PlyCount "61"]
[EventDate "2009.04.30"]
[EventType "swiss"]
[EventRounds "6"]
[EventCountry "SUI"]
[SourceTitle "EXT 2011"]
[Source "ChessBase"]
[SourceDate "2010.11.26"]
[SourceVersion "1"]
[SourceVersionDate "2010.11.26"]
[SourceQuality "1"]

1. d4 d5 2. c4 c6 3. Nc3 Nf6 4. e3 a6 5. Bd3 dxc4 6. Bxc4 Bf5 7. Qb3 Qd7 8. Bxf7+ Kd8 9. Bc4 b5 10. Be2 e6 11. Nf3 Bd6 12. 0-0 Re8 13. Ne5 Qc7 14. Rd1 Ke7 15. f4 Ne4 16. Bh5 Nxc3 17. bxc3 g6 18. Bf3 g5 19. e4 Bxe5 20. fxe5 Bg6 21. Bxg5+ Kf8 22. Rf1 Kg8 23. Bg4 Bf7 24. Rf4 Ra7 25. Raf1 Qc8 26. Qb2 h5 27. Qf2 Bg6 28. Bf6 Rh7 29. Qg3 Kf8 30. Bh4+ Kg8 31. Bxh5 1-0

[Event "Lugano New op 3rd"]
[Site "Lugano"]
[Date "2009.05.02"]
[Round "4"]
[White "Bussa, Paolo"]
[Black "Pulfer, Brian"]
[Result "1-0"]
[WhiteElo "1919"]
[BlackElo "1411"]
[PlyCount "71"]
[EventDate "2009.04.30"]
[EventType "swiss"]
[EventRounds "6"]
[EventCountry "SUI"]
[SourceTitle "EXT 2011"]
[Source "ChessBase"]
[SourceDate "2010.11.26"]
[SourceVersion "1"]
[SourceVersionDate "2010.11.26"]
[SourceQuality "1"]

1. d4 d5 2. Nf3 Nc6 3. c3 Nf6 4. Bg5 Ne4 5. Bf4 Bf5 6. Nbd2 e6 7. Nxe4 Bxe4 8. e3 Bd6 9. Ng5 e5 10. Nxe4 dxe4 11. d5 exf4 12. dxc6 bxc6 13. Qg4 Qf6 14. exf4 Bxf4 15. g3 Bh6 16. Qxe4+ Kf8 17. Qb4+ Kg8 18. Be2 Re8 19. 0-0 g6 20. Bg4 Rd8 21. Rad1 Kg7 22. Rd7 Rxd7 23. Bxd7 Qf3 24. Qc4 Bg5 25. Bxc6 Qf6 26. Rd1 Rd8 27. Rxd8 Qxd8 28. Bd5 Qe7 29. Qd4+ Bf6 30. Qxa7 Qe1+ 31. Kg2 Qe7 32. Qa4 c5 33. Qc4 h5 34. a4 g5 35. a5 h4 36. b4 1-0

[Event "Lugano New op 3rd"]
[Site "Lugano"]
[Date "2009.05.01"]
[Round "3"]
[White "Pinchetti, Andrea"]
[Black "Bussa, Paolo"]
[Result "1/2-1/2"]
[WhiteElo "2044"]
[BlackElo "1919"]
[PlyCount "97"]
[EventDate "2009.04.30"]
[EventType "swiss"]
[EventRounds "6"]
[EventCountry "SUI"]
[SourceTitle "EXT 2011"]
[Source "ChessBase"]
[SourceDate "2010.11.26"]
[SourceVersion "1"]
[SourceVersionDate "2010.11.26"]
[SourceQuality "1"]

1. f4 d5 2. Nf3 Nf6 3. e3 g6 4. Be2 Bg7 5. 0-0 0-0 6. d3 c5 7. Nc3 b6 8. e4 dxe4 9. dxe4 Bb7 10. e5 Nd5 11. Nxd5 Bxd5 12. Be3 Nc6 13. c4 Bxf3 14. Bxf3 Rc8 15. Bxc6 Rxc6 16. Qa4 Rc7 17. Rad1 Qc8 18. Qc2 Rd8 19. Rxd8+ Qxd8 20. Rd1 Rd7 21. Rd2 Rxd2 22. Qxd2 Qxd2 23. Bxd2 f6 24. exf6 Bxf6 25. b4 cxb4 26. Bxb4 e5 27. Bc3 Kf7 28. fxe5 Bd8 29. Kf2 Ke6 30. Ke3 Be7 31. Ke4 Bc5 32. a4 Bg1 33. h3 Bc5 34. Bd4 Bf8 35. Be3 Be7 36. Bd4 Bf8 37. Be3 Be7 38. g3 h5 39. Bd4 Bb4 40. Be3 Bc3 41. Bd4 Bb4 42. g4 hxg4 43. hxg4 Bd2 44. c5 bxc5 45. Bxc5 a6 46. Bb6 Bc3 47. Bc7 Bb2 48. Kf4 Bc1+ 49. Ke4 1/2-1/2

[Event "Lugano New op 3rd"]
[Site "Lugano"]
[Date "2009.04.30"]
[Round "1"]
[White "Del Rey, Diego"]
[Black "Bussa, Paolo"]
[Result "1-0"]
[WhiteElo "2408"]
[BlackElo "1919"]
[PlyCount "27"]
[EventDate "2009.04.30"]
[EventType "swiss"]
[EventRounds "6"]
[EventCountry "SUI"]
[SourceTitle "EXT 2011"]
[Source "ChessBase"]
[SourceDate "2010.11.26"]
[SourceVersion "1"]
[SourceVersionDate "2010.11.26"]
[SourceQuality "1"]

1. d4 d5 2. c4 c6 3. Nf3 Nf6 4. e3 a6 5. Bd3 Bg4 6. Qb3 Qc7 7. Ne5 Nbd7 8. f4 e6 9. Nc3 dxc4 10. Qxc4 c5 11. Qa4 cxd4 12. exd4 Bd6 13. Nb5 Qc6 14. Nxc6 1-0

[Event "ITA-ch qual"]
[Site "Saint Vincent"]
[Date "2008.07.24"]
[Round "6"]
[White "Bussa, Paolo"]
[Black "Innocenti, Luca"]
[Result "1/2-1/2"]
[WhiteElo "1912"]
[BlackElo "2071"]
[PlyCount "71"]
[EventDate "2008.07.19"]
[EventType "swiss"]
[EventRounds "9"]
[EventCountry "ITA"]
[SourceTitle "EXT 2009"]
[Source "ChessBase"]
[SourceDate "2008.11.26"]
[SourceVersion "1"]
[SourceVersionDate "2008.11.26"]
[SourceQuality "1"]

1. Nf3 e6 2. g3 b6 3. Bg2 Bb7 4. 0-0 f5 5. d3 Nf6 6. Nbd2 Be7 7. b3 0-0 8. Bb2 c5 9. e3 d5 10. Ne5 Nc6 11. Ndf3 Nxe5 12. Nxe5 Bd6 13. c4 Qe7 14. Re1 Rad8 15. Qc2 Nd7 16. Nxd7 Qxd7 17. Rad1 Qf7 18. f4 Rfe8 19. d4 Rc8 20. Rc1 Rc7 21. Qd2 Bf8 22. Red1 Rd8 23. Bc3 Rcd7 24. Qb2 Ba6 25. Qa3 cxd4 26. Qxa6 dxc3 27. cxd5 exd5 28. Rxc3 Bc5 29. Rcd3 Qe6 30. Kf2 h6 31. Qb5 a5 32. a3 d4 33. exd4 Rxd4 34. Kf1 Rxd3 35. Rxd3 Rxd3 36. Qxd3 1/2-1/2

[Event "ITA-ch qual"]
[Site "Saint Vincent"]
[Date "2008.07.19"]
[Round "1"]
[White "Crea, Vincenzo"]
[Black "Bussa, Paolo"]
[Result "1-0"]
[WhiteElo "2030"]
[BlackElo "1912"]
[PlyCount "105"]
[EventDate "2008.07.19"]
[EventType "swiss"]
[EventRounds "9"]
[EventCountry "ITA"]
[SourceTitle "EXT 2009"]
[Source "ChessBase"]
[SourceDate "2008.11.26"]
[SourceVersion "1"]
[SourceVersionDate "2008.11.26"]
[SourceQuality "1"]

1. d4 Nf6 2. Nf3 e6 3. Bf4 b6 4. e3 Bb7 5. c3 Be7 6. h3 d5 7. Bd3 Nbd7 8. Nbd2 c5 9. 0-0 0-0 10. Qe2 c4 11. Bc2 b5 12. Ne5 a5 13. Qf3 Nb6 14. g4 b4 15. g5 Ne4 16. Nxe4 dxe4 17. Qg4 Bd5 18. h4 f6 19. gxf6 Bxf6 20. f3 Qe7 21. fxe4 Bxe5 22. Bxe5 Bb7 23. Qg3 Rxf1+ 24. Rxf1 Rf8 25. Rxf8+ Qxf8 26. Bd6 Qa8 27. Qe5 Qe8 28. cxb4 axb4 29. Bxb4 Qg6+ 30. Qg5 Bxe4 31. Qxg6 Bxg6 32. Bxg6 hxg6 33. Kf2 Kf7 34. Kf3 Kf6 35. e4 Na4 36. Bc3 Kf7 37. Kf4 Nb6 38. Ke5 Ke7 39. d5 exd5 40. exd5 Nd7+ 41. Kd4 Nb6 42. Kc5 Nd7+ 43. Kxc4 Nf6 44. Bxf6+ gxf6 45. a4 g5 46. hxg5 fxg5 47. a5 g4 48. Kd4 Kd6 49. a6 Kc7 50. a7 Kb7 51. d6 g3 52. a8Q+ Kxa8 53. d7 1-0

[Event "Lugano New op 2nd"]
[Site "Lugano"]
[Date "2008.03.15"]
[Round "6"]
[White "Murgia, Andrea"]
[Black "Bussa, Paolo"]
[Result "1/2-1/2"]
[WhiteElo "2012"]
[BlackElo "1903"]
[PlyCount "96"]
[EventDate "2008.03.13"]
[EventType "swiss"]
[EventRounds "7"]
[EventCountry "SUI"]
[SourceTitle "EXT 2010"]
[Source "ChessBase"]
[SourceDate "2010.11.25"]
[SourceVersion "1"]
[SourceVersionDate "2010.11.25"]
[SourceQuality "1"]

1. e4 c6 2. d4 d5 3. Nc3 dxe4 4. Nxe4 Nd7 5. Nf3 Ngf6 6. Ng3 e6 7. Bc4 Be7 8. 0-0 0-0 9. Bb3 Qc7 10. Qe2 Nb6 11. c3 c5 12. Bg5 cxd4 13. Nxd4 h6 14. Bd2 Bd7 15. Ndf5 exf5 16. Qxe7 Rae8 17. Qb4 Ne4 18. Be3 Nxg3 19. hxg3 Re4 20. Qa5 Bc6 21. Qxf5 Re5 22. Qg4 Re4 23. Bf4 Qd7 24. Qh5 Nd5 25. Bxd5 Qxd5 26. Qxd5 Bxd5 27. Be3 a6 28. Rfd1 Bc6 29. b3 Rfe8 30. c4 R4e7 31. Rd4 Rd7 32. Rxd7 Bxd7 33. a4 Be6 34. Rc1 Rc8 35. Rc3 Rd8 36. f3 Rd1+ 37. Kf2 Rb1 38. g4 Kf8 39. Kg3 Ke7 40. Bc5+ Kf6 41. Rd3 g5 42. Bd4+ Kg6 43. Kf2 b5 44. axb5 axb5 45. cxb5 Rxb3 46. Rxb3 Bxb3 47. b6 Bd5 48. Be3 f5 1/2-1/2

[Event "Lugano New op 2nd"]
[Site "Lugano"]
[Date "2008.03.14"]
[Round "3"]
[White "Bussa, Paolo"]
[Black "Erdelyi, Tamas"]
[Result "1/2-1/2"]
[WhiteElo "1903"]
[BlackElo "2186"]
[PlyCount "114"]
[EventDate "2008.03.13"]
[EventType "swiss"]
[EventRounds "7"]
[EventCountry "SUI"]
[SourceTitle "EXT 2010"]
[Source "ChessBase"]
[SourceDate "2010.11.25"]
[SourceVersion "1"]
[SourceVersionDate "2010.11.25"]
[SourceQuality "1"]

1. e4 c5 2. Nf3 e6 3. d3 Nc6 4. g3 d6 5. Bg2 Nf6 6. 0-0 Be7 7. Re1 Nd7 8. Be3 0-0 9. c3 Rb8 10. d4 b5 11. Nbd2 b4 12. Qc2 bxc3 13. bxc3 Ba6 14. Rab1 Qa5 15. d5 exd5 16. exd5 Nce5 17. Nxe5 Nxe5 18. c4 Rb4 19. Rxb4 Qxb4 20. Rb1 Qa5 21. Be4 g6 22. Bh6 Re8 23. h4 Bf8 24. Bxf8 Rxf8 25. Bg2 Re8 26. Ne4 Rd8 27. Qb2 Qc7 28. f4 Nd7 29. Bh3 f5 30. Ng5 Rb8 31. Qc2 Rxb1+ 32. Qxb1 Qa5 33. Bf1 Qc3 34. Qb3 Qxb3 35. axb3 Nf6 36. Bd3 Bc8 37. Kf2 Kg7 38. Nf3 Nd7 39. h5 Nb6 40. hxg6 hxg6 41. Ke3 a5 42. Nd2 a4 43. bxa4 Nxa4 44. Nb3 Ba6 45. Na5 Nb6 46. Be2 Kf6 47. Kf3 g5 48. fxg5+ Kxg5 49. Ke3 Kf6 50. Bd3 Kg5 51. Be2 Nd7 52. Nc6 Ne5 53. Nxe5 dxe5 54. Kf3 Bc8 55. Ke3 Bd7 56. Kf3 Ba4 57. Ke3 Kf6 1/2-1/2

[Event "Trieste op 09th"]
[Site "Trieste"]
[Date "2007.09.02"]
[Round "3"]
[White "Bevilacqua, Andrea"]
[Black "Bussa, Paolo"]
[Result "0-1"]
[WhiteElo "2102"]
[BlackElo "1891"]
[PlyCount "126"]
[EventDate "2007.09.01"]
[EventType "swiss"]
[EventRounds "9"]
[EventCountry "ITA"]
[SourceTitle "CBM 120 Extra"]
[Source "ChessBase"]
[SourceDate "2007.11.01"]
[SourceVersion "1"]
[SourceVersionDate "2007.11.01"]
[SourceQuality "1"]

1. e4 c6 2. d4 d5 3. Nc3 dxe4 4. Nxe4 Nd7 5. g3 Ngf6 6. Nxf6+ Nxf6 7. Bg2 Bf5 8. Ne2 e6 9. 0-0 Be7 10. Be3 0-0 11. h3 Qc7 12. c3 Rfd8 13. Qc1 Rac8 14. Nf4 b6 15. g4 Bg6 16. Nxg6 hxg6 17. f4 c5 18. Qe1 cxd4 19. Bxd4 Bc5 20. Bxc5 Qxc5+ 21. Qf2 Qxf2+ 22. Rxf2 Rd6 23. Re2 Rcd8 24. Rae1 Rd2 25. Kf2 Kf8 26. Rxd2 Rxd2+ 27. Re2 Rd1 28. Ke3 Ke7 29. c4 Nd7 30. Rd2 Rc1 31. Kd4 f6 32. b4 Kd6 33. Kd3 e5 34. Ke3+ Ke7 35. Bd5 Rc3+ 36. Ke4 exf4 37. Kxf4 Rxh3 38. Rc2 Kd6 39. Rd2 Ne5 40. Bf3+ Kc7 41. Be2 Rc3 42. Rd4 Rc2 43. Ke3 Rxa2 44. Rd1 Rb2 45. b5 Rb3+ 46. Kd4 Rg3 47. Ra1 Kb8 48. Rh1 Nxg4 49. Rh7 Nh6 50. Kd5 Rg5+ 51. Kd6 Rc5 52. Bd3 Nf7+ 53. Ke7 Rc7+ 54. Ke8 Ne5 55. Be2 Nxc4 56. Rh3 Nd6+ 57. Kd8 Rc5 58. Rb3 f5 59. Kd7 Ne4 60. Re3 g5 61. Bf1 Nf6+ 62. Kd6 Rc8 63. Rh3 g4 0-1